[Event "Championnat de France des Jeunes - Juniors"]
[Site "LA ROCHE SUR YON"]
[Date ""]
[Round "1.1"]
[White "Vernay, Clovis"]
[Black "Achereiner, Guillaume"]
[Result "1-0"]
[WhiteElo "2348"]
[BlackElo "1991"]
[Annotator ""]

1. d4 e6 2. c4 c5 3. d5 exd5 4. cxd5 d6 5. Nc3 g6 6. e4 Bg7 7. f3 a6
8. a4 f5 9. Bd3 fxe4 10. Nxe4 Bf5 11. Ne2 Nf6 12. Ng5 Bxd3 13. Qxd3
Qe7 14. Ne6 Kf7 15. O-O Nc6 16. Ng5+ Ke8 17. Qd1 Nb8 18. f4 Ng8 1-0

[Event "Championnat de France des Jeunes - Junio"]
[Site "LA ROCHE SUR YON"]
[Date "2008.04.21"]
[Round "1.2"]
[White "Mania, Clement"]
[Black "Genzling, Alain"]
[Result "0-1"]
[WhiteElo "1956"]
[BlackElo "2281"]
[PlyCount "68"]

1. e4 c5 2. c3 Nf6 3. e5 Nd5 4. d4 cxd4 5. cxd4 Nc6 6. Nc3 Nxc3 7. bxc3 d6 8.
f4 d5 9. Bd3 Qc7 10. Bd2 Na5 11. Nf3 Nc4 12. O-O e6 13. Be1 Be7 14. Ng5 g6 15.
Qg4 Bd7 16. h4 h5 17. Qg3 Rg8 18. Qf3 Rg7 19. f5 gxf5 20. Qxh5 O-O-O 21. Nxf7
Rdg8 22. Ng5 Qa5 23. Bxc4 dxc4 24. Bd2 Bc6 25. Qe2 Qd5 26. Qf3 Qd8 27. Qe2 Bd5
28. g3 Bxg5 29. Bxg5 Rxg5 30. hxg5 Qxg5 31. Qh2 Qe3+ 32. Qf2 Rxg3+ 33. Kh2 Rh3+
34. Kg1 Rh1# 0-1

[Event "Championnat de France des Jeunes - Junio"]
[Site "LA ROCHE SUR YON"]
[Date "2008.04.21"]
[Round "1.3"]
[White "Bailet, Pierre"]
[Black "Molle, Stephane"]
[Result "1-0"]
[WhiteElo "2250"]
[BlackElo "1950"]
[PlyCount "47"]

1. d4 Nf6 2. Nf3 e6 3. c4 c5 4. d5 b5 5. Bg5 exd5 6. cxd5 d6 7. e4 a6 8. Nbd2
Be7 9. a4 Nxd5 10. Bxe7 Qxe7 11. axb5 O-O 12. Bc4 Bb7 13. O-O Nf6 14. bxa6 Bc6
15. Re1 Nxe4 16. Nxe4 Bxe4 17. Rxe4 Qxe4 18. Bd5 Qf4 19. Bxa8 Nd7 20. Bc6 Nb6
21. a7 Na8 22. Bxa8 Rxa8 23. Qd5 Rxa7 24. Qa8+ 1-0

[Event "Championnat de France des Jeunes - Junio"]
[Site "LA ROCHE SUR YON"]
[Date "2008.04.21"]
[Round "1.4"]
[White "Pouchon, Mickael"]
[Black "Soyez, Cyril"]
[Result "0-1"]
[WhiteElo "1932"]
[BlackElo "2244"]
[PlyCount "64"]

1. e4 c5 2. Qe2 Nc6 3. c3 g6 4. f4 Bg7 5. Nf3 Rb8 6. Qf2 d6 7. Bc4 Nf6 8. d3 b5
9. Bb3 O-O 10. O-O c4 11. Bc2 cxd3 12. Bxd3 b4 13. f5 Ng4 14. Qh4 Nce5 15. Nxe5
Nxe5 16. Bc2 Ba6 17. Rd1 Bf6 18. Qg3 Qb6+ 19. Kh1 Rfc8 20. Bb3 Bc4 21. cxb4
Qxb4 22. Bd2 Qb7 23. Nc3 Bxb3 24. axb3 Qxb3 25. Nd5 Qxg3 26. Nxf6+ Kg7 27. Nh5+
gxh5 28. hxg3 Rxb2 29. Rxa7 Ng4 30. Be1 Kf6 31. Raa1 Re2 32. Rd4 Rcc2 0-1

[Event "Championnat de France des Jeunes - Junio"]
[Site "LA ROCHE SUR YON"]
[Date "2008.04.21"]
[Round "1.5"]
[White "Brethes, Francois"]
[Black "Lambert, Hugues"]
[Result "1-0"]
[WhiteElo "2198"]
[BlackElo "1925"]
[PlyCount "61"]

1. d4 Nf6 2. Nf3 g6 3. c3 Bg7 4. Bg5 O-O 5. Nbd2 d6 6. e4 h6 7. Bh4 c5 8. dxc5
dxc5 9. Bc4 Nc6 10. O-O Qc7 11. Qc2 Nh5 12. Rfe1 g5 13. Bg3 Nxg3 14. hxg3 g4
15. Nh2 a6 16. Ndf1 b5 17. Bd5 Rb8 18. Bxc6 Qxc6 19. Ne3 h5 20. Nd5 Qd6 21.
Rad1 Bb7 22. Nf1 Rfd8 23. e5 Bxe5 24. Qf5 Bxd5 25. Rxe5 e6 26. Qg5+ Kf8 27.
Qh6+ Ke7 28. Rdxd5 Qxd5 29. Rxd5 Rxd5 30. Ne3 Rd2 31. Qxh5 1-0

[Event "Championnat de France des Jeunes - Junio"]
[Site "LA ROCHE SUR YON"]
[Date "2008.04.21"]
[Round "1.1"]
[White "Belloc, Sidonie"]
[Black "Dolz, Elisabeth"]
[Result "1/2-1/2"]
[WhiteElo "1789"]
[BlackElo "1710"]
[PlyCount "47"]

1. e4 e5 2. Nf3 Nc6 3. d4 Nxd4 4. Nxe5 Bc5 5. c3 Nc6 6. Nxc6 bxc6 7. Qf3 Qf6 8.
Qxf6 Nxf6 9. Bd3 O-O 10. O-O d5 11. Nd2 Re8 12. exd5 cxd5 13. Nb3 Bb6 14. Bf4
Bd7 15. Rac1 c5 16. c4 d4 17. Rfe1 a5 18. Bd6 Rxe1+ 19. Rxe1 Rc8 20. Re5 Ng4
21. Re7 Nf6 22. Re5 Ng4 23. Re7 Nf6 24. Re5 1/2-1/2

[Event "Championnat de France des Jeunes - Junio"]
[Site "LA ROCHE SUR YON"]
[Date "2008.04.21"]
[Round "1.2"]
[White "Magnin, Segolene"]
[Black "Bismuth, Lea"]
[Result "1/2-1/2"]
[WhiteElo "1799"]
[BlackElo "1930"]
[PlyCount "148"]

1. e4 c5 2. Nf3 Nc6 3. c3 d5 4. exd5 Qxd5 5. d4 Nf6 6. Be3 Bg4 7. Be2 e6 8. O-O
cxd4 9. Nxd4 Bxe2 10. Qxe2 Nxd4 11. Bxd4 Be7 12. Nd2 O-O 13. f4 Rfd8 14. Nf3
Qh5 15. Qe5 Rd5 16. Qxh5 Nxh5 17. g3 Nf6 18. Rae1 Nd7 19. Rf2 Nc5 20. Re5 Rxd4
21. Nxd4 Nd3 22. Ree2 Nxf2 23. Kxf2 Bc5 24. Ke3 Rd8 25. Rd2 f6 26. Ke4 Kf7 27.
b4 Bb6 28. c4 f5+ 29. Ke3 a5 30. c5 Bc7 31. Nb5 Rxd2 32. Kxd2 Bb8 33. bxa5 Ke7
34. Kd3 Kd7 35. Nd4 Bc7 36. Nb3 Kc6 37. Kc4 e5 38. fxe5 Bxe5 39. Nd4+ Kc7 40.
Nxf5 h6 41. Kb5 h5 42. Ne7 g5 43. c6 g4 44. cxb7 Kxb7 45. a6+ Ka8 46. Nd5 h4
47. gxh4 Bxh2 48. Ne3 g3 49. Ng2 Bg1 50. h5 Bd4 51. Kc4 Bh8 52. Kd3 Ka7 53. Ke3
Kxa6 54. Kf4 Kb5 55. h6 Ka4 56. Kxg3 Ka3 57. Nf4 Kxa2 58. Kg4 Kb3 59. Kg5 Kc4
60. Ne6 Kd5 61. Ng7 Ke5 62. Kg6 Kf4 63. h7 Ke5 64. Kf7 Kd6 65. Nf5+ Kd7 66. Ne7
Bc3 67. Ng8 Bh8 68. Nf6+ Kd6 69. Nh5 Kd7 70. Kg6 Ke7 71. Ng7 Kf8 72. Ne6+ Ke7
73. Ng5 Kf8 74. Nf7 Bc3 1/2-1/2

[Event "Championnat de France des Jeunes - Junio"]
[Site "LA ROCHE SUR YON"]
[Date "2008.04.21"]
[Round "1.3"]
[White "Huisman, Camille"]
[Black "Mehiaoui, Dounia"]
[Result "0-1"]
[WhiteElo "1613"]
[BlackElo "1855"]
[PlyCount "60"]

1. e4 e5 2. Nf3 Nc6 3. Bc4 Nf6 4. Ng5 d5 5. exd5 b5 6. Nxf7 Kxf7 7. dxc6+ bxc4
8. Nc3 Qd6 9. Qe2 Qxc6 10. O-O Bb7 11. f3 Bc5+ 12. Kh1 Bd4 13. Re1 Rhe8 14. Ne4
Rad8 15. c3 Bb6 16. b4 Nxe4 17. fxe4 Kg8 18. a4 a6 19. a5 Ba7 20. Ba3 Qe6 21.
Rab1 Rf8 22. Rf1 Rxf1+ 23. Rxf1 h6 24. h3 Rd3 25. Kh2 Qg6 26. Rf3 Bxe4 27. Rxd3
cxd3 28. Qf1 Qf5 29. Qd1 Qf4+ 30. Kh1 Qf2 0-1

[Event "Championnat de France des Jeunes - Juniors Filles"]
[Site "LA ROCHE SUR YON"]
[Date ""]
[Round "1.4"]
[White "Swiercz, Sarah"]
[Black "Choisy, Mathilde"]
[Result "0-1"]
[WhiteElo "1420"]
[BlackElo "2094"]
[Annotator ""]

1. e4 c5 2. Nf3 Nc6 3. d4 cxd4 4. Nxd4 Nf6 5. Nc3 e5 6. Ndb5 d6 7. Bg5
a6 8. Na3 b5 9. Nd5 Be7 10. Nxe7 Nxe7 11. Bxf6 gxf6 12. Bd3 Rg8 13. g3
Bb7 14. O-O Qd7 15. Qf3 f5 16. c3 d5 17. exd5 e4 18. Bxe4 fxe4 19.
Qxe4 Qxd5 20. Qxd5 Bxd5 21. Rfe1 Rg6 22. Nc2 Re6 23. Ne3 Rd8 24. Nxd5
Rxd5 25. Rxe6 fxe6 26. Re1 Kf7 27. b3 Rd2 28. a4 Rb2 29. axb5 axb5 30.
b4 Nd5 31. Ra1 Nxc3 32. Ra7+ Kf6 33. Rxh7 Rxb4 34. Rh6+ Ke5 35. h4
Rb1+ 36. Kg2 b4 37. h5 b3 38. Rh8 Ne4 39. Kf3 b2 40. Rb8 Nd2+ 41. Kg4
Nc4 42. f4+ Kf6 43. Rf8+ Kg7 44. Rb8 Rh1 45. Kg5 b1Q 46. Rxb1 Rxb1 47.
h6+ Kh7 48. g4 Rh1 49. Kf6 Rxh6+ 50. Kf7 Rh4 51. f5 exf5 52. gxf5 Nd6+
53. Ke6 Nxf5 0-1

[Event "Championnat de France des Jeunes - Junio"]
[Site "LA ROCHE SUR YON"]
[Date "2008.04.21"]
[Round "1.5"]
[White "Vidal, Marguerite"]
[Black "Cwiek, Perrine"]
[Result "1-0"]
[WhiteElo "1380"]
[BlackElo "1730"]
[PlyCount "65"]

1. e4 e5 2. Nf3 Nc6 3. d4 exd4 4. Nxd4 Bc5 5. Be3 Qf6 6. c3 Nge7 7. Be2 d6 8.
O-O Bb6 9. Na3 d5 10. Nxc6 Qxc6 11. Bb5 dxe4 12. Bxc6+ Nxc6 13. Bxb6 axb6 14.
Nb5 O-O 15. Re1 Rd8 16. Qc2 Bf5 17. f4 Ra5 18. a4 Ne7 19. Rad1 Raa8 20. Rxd8+
Rxd8 21. Rd1 Rc8 22. c4 h5 23. Nxc7 Rxc7 24. b4 e3 25. Qe2 Bg4 26. Rd8+ Kh7 27.
Qd3+ Nf5 28. h3 e2 29. Re8 Rc8 30. Re5 f6 31. Re6 Kh6 32. hxg4 Nh4 33. g5# 1-0

[Event "Championnat de France des Jeunes - Cadets"]
[Site "LA ROCHE SUR YON"]
[Date ""]
[Round "1.1"]
[White "Guilleux, Fabien"]
[Black "Roubert, Emile"]
[Result "1-0"]
[WhiteElo "2391"]
[BlackElo "1839"]
[Annotator ""]

1. Nf3 Nf6 2. c4 e6 3. Nc3 d5 4. d4 c5 5. cxd5 exd5 6. g3 Nc6 7. Bg2
Be7 8. O-O O-O 9. Bg5 c4 10. b3 Qa5 11. Rc1 Ba3 12. Bxf6 Bxc1 13. Qxc1
gxf6 14. bxc4 dxc4 15. Ne4 Bf5 16. Nxf6+ Kh8 17. Qh6 Rg8 18. Nxg8 Kxg8
19. d5 Nb4 20. Ne5 b5 21. Qf6 Bg6 22. Ng4 Qd8 23. Nh6+ Kf8 24. Qh8+
Ke7 25. Qe5+ Kd7 26. Bh3+ f5 27. Nxf5 Qb6 28. Qe7+ Kc8 29. Qxb4 1-0

[Event "Championnat de France des Jeunes - Cadet"]
[Site "LA ROCHE SUR YON"]
[Date "2008.04.21"]
[Round "1.2"]
[White "Hubert, Raphael"]
[Black "Delorme, Axel"]
[Result "0-1"]
[WhiteElo "1835"]
[BlackElo "2377"]
[PlyCount "62"]

1. e4 c5 2. Nf3 d6 3. d4 cxd4 4. Nxd4 Nf6 5. Nc3 a6 6. a4 e5 7. Nf3 Be7 8. Be2
O-O 9. O-O h6 10. Re1 Be6 11. h3 Nc6 12. Be3 Qa5 13. Qd2 Rac8 14. Bd3 Nb4 15.
Na2 Bxa2 16. Rxa2 d5 17. Nh4 Nxe4 18. Bxe4 Bxh4 19. Bf5 Rc6 20. Ra3 d4 21. Rb3
dxe3 22. Rexe3 Rb6 23. Re4 Be7 24. Rg4 Qd5 25. Bd3 Bg5 26. Rxg5 hxg5 27. Qxg5
g6 28. Qh6 Qd6 29. h4 Nd5 30. h5 Nf4 31. hxg6 fxg6 0-1

[Event "Championnat de France des Jeunes - Cadet"]
[Site "LA ROCHE SUR YON"]
[Date "2008.04.21"]
[Round "1.3"]
[White "Fougerit, Valentin"]
[Black "Friburger, Thibault"]
[Result "1-0"]
[WhiteElo "2208"]
[BlackElo "1831"]
[PlyCount "89"]

1. e4 d6 2. d4 Nf6 3. Nc3 c6 4. f4 Qa5 5. Bd3 e5 6. Nf3 Bg4 7. Be3 Nbd7 8. O-O
Be7 9. Qe1 Bxf3 10. Rxf3 exd4 11. Bxd4 Bd8 12. e5 dxe5 13. fxe5 Nd5 14. e6 N7f6
15. exf7+ Kxf7 16. Ne4 Qxe1+ 17. Rxe1 Bb6 18. Bxb6 axb6 19. Nd6+ Kf8 20. c4 Nb4
21. Bb1 Rd8 22. Ne4 Re8 23. Kf2 Re6 24. Nxf6 Rxf6 25. Rxf6+ gxf6 26. Re3 Kf7
27. Rb3 Na6 28. Rxb6 Rb8 29. Bxh7 Nc5 30. a4 Ke6 31. a5 Kd6 32. Ke3 Kc7 33. Kd4
Ne6+ 34. Kc3 Nc5 35. Kb4 Nd7 36. c5 Nxb6 37. cxb6+ Kd6 38. a6 bxa6 39. Ka5 Kc5
40. b4+ Kc4 41. Kxa6 Kxb4 42. b7 Kc5 43. Ka7 Rh8 44. b8=Q Rxh7+ 45. Ka6 1-0

[Event "Championnat de France des Jeunes - Cadet"]
[Site "LA ROCHE SUR YON"]
[Date "2008.04.21"]
[Round "1.4"]
[White "Breffi, Ferdinand"]
[Black "Blum, Nicolas"]
[Result "0-1"]
[WhiteElo "1820"]
[BlackElo "2180"]
[PlyCount "88"]

1. e4 c6 2. Nc3 d5 3. d4 dxe4 4. Nxe4 Nd7 5. Nf3 Ngf6 6. Ng3 e6 7. Bd3 c5 8. c3
Be7 9. O-O O-O 10. Re1 b6 11. Qc2 Bb7 12. Ng5 a6 13. N5e4 cxd4 14. cxd4 Nxe4
15. Bxe4 Bxe4 16. Nxe4 Nf6 17. Qd3 Rc8 18. Be3 Qd7 19. Rac1 Rfd8 20. Red1 Qa4
21. Nc3 Qa5 22. a3 Qh5 23. Qe2 Qxe2 24. Nxe2 Nd5 25. g3 b5 26. Nf4 Nxf4 27.
Bxf4 Rxc1 28. Bxc1 Rc8 29. Bd2 Rc2 30. Bc3 Bxa3 31. Ra1 b4 32. bxa3 bxc3 33.
Kg2 Rb2 34. Rc1 Rb3 35. a4 Ra3 36. a5 Kf8 37. Kf3 Ke7 38. Rc2 Kd6 39. Ke4 Kc6
40. f4 Kb5 41. f5 exf5+ 42. Ke5 Kc4 43. d5 Rxa5 44. Kd6 Rxd5+ 0-1

[Event "Championnat de France des Jeunes - Cadet"]
[Site "LA ROCHE SUR YON"]
[Date "2008.04.21"]
[Round "1.5"]
[White "Li, Frederic"]
[Black "Walkowiak, Michael"]
[Result "1/2-1/2"]
[WhiteElo "2176"]
[BlackElo "1801"]
[PlyCount "108"]

1. Nf3 Nf6 2. c4 c6 3. d4 d5 4. Nc3 dxc4 5. e4 b5 6. e5 Nd5 7. a4 e6 8. Ng5 Be7
9. Qh5 Bxg5 10. Bxg5 Qa5 11. Bd2 Nxc3 12. bxc3 Nd7 13. Qg4 O-O 14. h4 f5 15.
exf6 Nxf6 16. Qf3 Nd5 17. Qe4 Bd7 18. Rh3 Rae8 19. Be2 a6 20. h5 Qc7 21. h6 g6
22. Bf3 e5 23. Kf1 Bc8 24. Rg3 Bf5 25. Qh4 e4 26. Bd1 e3 27. Bxe3 Nxe3+ 28.
Rxe3 Rxe3 29. fxe3 Bd3+ 30. Ke1 Qf7 31. Bf3 Qe6 32. Kd2 Re8 33. Qg5 Be4 34.
axb5 cxb5 35. Qf4 Bxf3 36. gxf3 Qh3 37. Rxa6 Qg2+ 38. Kc1 Qf1+ 39. Kb2 Qd1 40.
Ra3 Qd2+ 41. Kb1 Qd1+ 42. Kb2 Qd2+ 43. Kb1 b4 44. Ra7 Qe1+ 45. Kb2 Qxc3+ 46.
Kb1 Qb3+ 47. Kc1 c3 48. Qh2 c2 49. Qxc2 Qxe3+ 50. Qd2 Qxf3 51. Rg7+ Kh8 52.
Qxb4 Rc8+ 53. Kd2 Qf2+ 54. Kd3 Qf3+ 1/2-1/2

[Event "Championnat de France des Jeunes - Cadettes"]
[Site "LA ROCHE SUR YON"]
[Date ""]
[Round "1.1"]
[White "Rodange, Barbara"]
[Black "Forestier, Carole"]
[Result "0-1"]
[WhiteElo "1726"]
[BlackElo "2037"]
[Annotator ""]
1. c4 e6 2. Nc3 d5 3. cxd5 exd5 4. Nf3 Nf6 5. g3 Be7 6. Bg2 O-O 7. O-O
c6 8. d4 Nbd7 9. Bf4 Re8 10. Rc1 Nf8 11. Na4 Ng6 12. Be3 Bf5 13. Nc5
Qc8 14. Nd3 Bd6 15. Re1 Bh3 16. Bd2 Qg4 17. Qb3 Bxg2 18. Kxg2 Ne4 19.
Bb4 Bc7 20. Bc5 Ba5 21. Bb4 Bb6 22. e3 Ng5 23. Nxg5 Qxg5 24. Kh1 Qf5
25. Qd1 h5 26. Rf1 h4 27. Qd2 Bxd4 28. exd4 Qf3+ 0-1

[Event "Championnat de France des Jeunes - Cadet"]
[Site "LA ROCHE SUR YON"]
[Date "2008.04.21"]
[Round "1.2"]
[White "Le Bail, Clara"]
[Black "Lebrat, Caroline"]
[Result "1-0"]
[WhiteElo "2012"]
[BlackElo "1720"]
[PlyCount "61"]

1. e4 c5 2. c3 Nf6 3. e5 Nd5 4. Nf3 e6 5. d4 cxd4 6. cxd4 Nc6 7. Bc4 Nb6 8. Bb3
d6 9. Qe2 dxe5 10. dxe5 h6 11. O-O g6 12. Nc3 Bg7 13. Rd1 Qc7 14. Nb5 Qe7 15.
Nd6+ Kf8 16. Bf4 Rb8 17. Nxc8 Rxc8 18. h4 Kg8 19. h5 g5 20. Bg3 Nb4 21. Nd4 Nc6
22. Rac1 Nxd4 23. Rxc8+ Nxc8 24. Rxd4 Nb6 25. Qd3 f5 26. Qxf5 Nd5 27. Bxd5 exd5
28. Rxd5 b6 29. Rd7 Qf8 30. Qe6+ Kh7 31. Rf7 1-0

[Event "Championnat de France des Jeunes - Cadet"]
[Site "LA ROCHE SUR YON"]
[Date "2008.04.21"]
[Round "1.3"]
[White "Richard, Celine"]
[Black "Richard, Emma"]
[Result "0-1"]
[WhiteElo "1670"]
[BlackElo "1985"]
[PlyCount "40"]

1. e4 c5 2. Nf3 Nc6 3. d4 cxd4 4. Nxd4 e5 5. Nxc6 bxc6 6. Bd3 Nf6 7. Nc3 Bb4 8.
Bd2 O-O 9. a3 Ba5 10. O-O d5 11. exd5 cxd5 12. Qe1 Bc7 13. Nb5 Bb8 14. Ba5 Qd7
15. Nc3 e4 16. Bb5 Qe6 17. Rd1 Ng4 18. g3 Ne5 19. Kh1 Nf3 20. Qe3 Qh3 0-1

[Event "Championnat de France des Jeunes - Cadet"]
[Site "LA ROCHE SUR YON"]
[Date "2008.04.21"]
[Round "1.4"]
[White "Brih, Touatia"]
[Black "Burel, Gwenaelle"]
[Result "1/2-1/2"]
[WhiteElo "1956"]
[BlackElo "1663"]
[PlyCount "140"]

1. Nf3 Nf6 2. c4 e6 3. d3 b6 4. g3 Bb7 5. Bg2 Be7 6. O-O O-O 7. Nc3 d5 8. Ne5
c5 9. Bf4 Nh5 10. e3 Nxf4 11. exf4 f6 12. Ng4 Qd7 13. Qf3 Na6 14. cxd5 Rab8 15.
Rfe1 Rfd8 16. dxe6 Bxf3 17. exd7 Bxg4 18. Rxe7 Rxd7 19. Rae1 Rbd8 20. Bd5+ Kf8
21. Rxd7 Rxd7 22. a3 Nc7 23. Bc4 a6 24. a4 Bf5 25. Re3 h5 26. Kg2 Bg6 27. f3
Bf7 28. g4 hxg4 29. fxg4 Rd4 30. Bxf7 Kxf7 31. Kg3 Ne6 32. Ne4 Ke7 33. f5 Nc7
34. Nxc5+ Kd6 35. Ne6 Nxe6 36. Rxe6+ Kc5 37. Re7 Rxd3+ 38. Kh4 Rd2 39. Kh5
Rxh2+ 40. Kg6 Rxb2 41. Kxg7 Rb4 42. Kxf6 Rxg4 43. Re5+ Kb4 44. Re6 Kxa4 45.
Rxb6 a5 46. Ke7 Rb4 47. Rd6 Kb3 48. f6 a4 49. f7 Rb7+ 50. Rd7 Rxd7+ 51. Kxd7 a3
52. f8=Q a2 53. Qb8+ Kc2 54. Qc7+ Kb1 55. Qb6+ Kc2 56. Qc7+ Kb1 57. Qb6+ Ka1
58. Qg1+ Kb2 59. Qf2+ Ka1 60. Kc6 Kb1 61. Qe1+ Kb2 62. Qd2+ Kb1 63. Qb4+ Ka1
64. Qc3+ Kb1 65. Qd3+ Kb2 66. Qd4+ Kb1 67. Qd3+ Kb2 68. Kb5 a1=Q 69. Kb4 Qe1+
70. Ka4 Qh4+ 1/2-1/2

[Event "Championnat de France des Jeunes - Cadet"]
[Site "LA ROCHE SUR YON"]
[Date "2008.04.21"]
[Round "1.5"]
[White "Labise, Ophelie"]
[Black "Genzling, Sylvie"]
[Result "0-1"]
[WhiteElo "1660"]
[BlackElo "1955"]
[PlyCount "88"]

1. d4 d5 2. c4 e6 3. Nc3 c5 4. cxd5 exd5 5. Nf3 Nc6 6. g3 c4 7. Bg2 Bb4 8. a3
Bxc3+ 9. bxc3 Qa5 10. Qc2 Nf6 11. Nd2 O-O 12. O-O Be6 13. e4 dxe4 14. Nxe4 Nxe4
15. Bxe4 f5 16. Bg2 Bd5 17. Bf4 Rae8 18. a4 Ne7 19. Rfe1 Bxg2 20. Kxg2 Ng6 21.
Bd6 Qd5+ 22. f3 Qxd6 23. Rxe8 Rxe8 24. Qxf5 Qc6 25. Kf2 Rf8 26. Qg4 a6 27. f4
Qb6 28. Qe2 Qc6 29. a5 Re8 30. Qd2 Ne7 31. Re1 Nd5 32. Rxe8+ Qxe8 33. h3 Qe6
34. g4 h5 35. f5 Qe4 36. Kg3 hxg4 37. hxg4 Nf6 38. Qd1 Qe3+ 39. Qf3 Ne4+ 40.
Kg2 Qd2+ 41. Kg1 Nxc3 42. Kf1 Qxd4 43. g5 Ne4 44. g6 Nd2+ 0-1

[Event "Championnat de France des Jeunes - Minimes"]
[Site "LA ROCHE SUR YON"]
[Date ""]
[Round "1.1"]
[White "Sochacki, Wojtek"]
[Black "Bertrand, Quentin"]
[Result "1-0"]
[WhiteElo "2245"]
[BlackElo "1894"]
[Annotator ""]

1. e4 c5 2. Nf3 Nc6 3. Bb5 g6 4. O-O Bg7 5. d3 Nf6 6. h3 O-O 7. c3 b6
8. Be3 Bb7 9. Qd2 Re8 10. Re1 a6 11. Ba4 Qc7 12. Bh6 e5 13. Bxg7 Kxg7
14. c4 Nh5 15. Nc3 Nd4 16. Nxd4 exd4 17. Ne2 Re7 18. g4 Nf6 19. Ng3
Rae8 20. Nf5+ gxf5 21. Qg5+ Kf8 22. Qxf6 Re6 23. Qxf5 Kg7 24. Rf1 Rh6
25. Qxd7 Qxd7 26. Bxd7 Re7 27. Bf5 Rxh3 28. f3 h5 29. Kg2 hxg4 30.
Bxg4 Rh8 31. Kg3 Ree8 32. Rh1 Kf6 33. Rab1 b5 34. Rxh8 Rxh8 35. cxb5
axb5 36. Rc1 c4 37. dxc4 bxc4 38. Rxc4 Ra8 39. Rxd4 Rxa2 40. Rb4 Ba6
41. Kf4 Ra5 42. Rb6+ Kg7 43. b4 Bc8 1-0

[Event "Championnat de France des Jeunes - Minime"]
[Site "LA ROCHE SUR YON"]
[Date "????.??.??"]
[Round "1.2"]
[White "Genin, Maxime"]
[Black "Song, Julien"]
[Result "0-1"]
[WhiteElo "1893"]
[BlackElo "2214"]
[PlyCount "72"]

1. e4 e6 2. d4 d5 3. Nc3 Nf6 4. Bg5 dxe4 5. Nxe4 Be7 6. Bxf6 Bxf6 7. Nf3 Nd7 8.
a4 O-O 9. Be2 c5 10. O-O Qe7 11. Nxf6+ Nxf6 12. dxc5 Qxc5 13. c3 b6 14. Qc2 Bb7
15. b4 Qc7 16. Nd4 e5 17. Nb5 Qc6 18. Bf3 e4 19. Be2 a6 20. Nd4 Qc7 21. a5 b5
22. c4 Rac8 23. Rac1 bxc4 24. Bxc4 Qe5 25. Nb3 Ng4 26. g3 Qh5 27. h4 Ne5 28.
Be2 Qf5 29. Qd1 Rxc1 30. Nxc1 Qh3 31. f3 Qxg3+ 32. Kh1 Qxh4+ 33. Kg2 exf3+ 34.
Bxf3 Nxf3 35. Rxf3 Qg4+ 36. Kf2 Qxf3+ 0-1

[Event "Championnat de France des Jeunes - Minim"]
[Site "LA ROCHE SUR YON"]
[Date "????.??.??"]
[Round "1.3"]
[White "Massoni, Michael"]
[Black "Gallant, Aurelien"]
[Result "1-0"]
[WhiteElo "2176"]
[BlackElo "1891"]
[PlyCount "97"]

1. e4 c5 2. Nc3 d6 3. g3 g6 4. Bg2 Bg7 5. d3 e6 6. Nge2 Nc6 7. O-O Rb8 8. Be3
b5 9. Qd2 Nd4 10. Nd1 Nxe2+ 11. Qxe2 Ne7 12. f4 O-O 13. Qd2 f5 14. c3 Bb7 15.
Bf2 Qc7 16. Re1 Rfe8 17. d4 Rbd8 18. exf5 exf5 19. d5 Nc8 20. Ne3 Nb6 21. Re2
c4 22. g4 fxg4 23. Bh4 Rb8 24. Nxg4 Qf7 25. Rf2 Nd7 26. Raf1 Qf5 27. h3 Nc5 28.
Re2 Qd3 29. Rfe1 Qxd2 30. Rxd2 Rxe1+ 31. Bxe1 Nd3 32. Bg3 Rf8 33. Re2 Bc8 34.
Re7 a6 35. Nf2 Nxb2 36. Ne4 Nd1 37. Nxd6 Nxc3 38. Nxc8 Rxc8 39. d6 Bf6 40. Re6
Kf7 41. d7 Rd8 42. Rxf6+ Kxf6 43. Bh4+ Ke6 44. Bxd8 Kxd7 45. Ba5 Nxa2 46. Bd5
b4 47. Kf2 Kd6 48. Bg8 Nc3 49. Bxb4+ 1-0

[Event "Championnat de France des Jeunes - Minim"]
[Site "LA ROCHE SUR YON"]
[Date "????.??.??"]
[Round "1.4"]
[White "Le Goff, Ronan"]
[Black "Ollier, Pablo"]
[Result "0-1"]
[WhiteElo "1885"]
[BlackElo "2147"]
[PlyCount "68"]

1. d4 Nf6 2. c4 e6 3. Nc3 Bb4 4. e3 b6 5. Bd3 Bb7 6. Nf3 Ne4 7. Qc2 f5 8. a3
Bxc3+ 9. bxc3 O-O 10. h4 d6 11. Bb2 Nd7 12. O-O-O Qe7 13. Rhg1 Ndf6 14. Ng5 Ng4
15. Bxe4 fxe4 16. Rdf1 d5 17. Qe2 Nh6 18. f3 Ba6 19. fxe4 Bxc4 20. Rxf8+ Rxf8
21. Qc2 g6 22. g4 Qf6 23. exd5 exd5 24. Kb1 Qf2 25. Qxf2 Rxf2 26. Ne6 Nf7 27.
g5 Nd6 28. h5 Bd3+ 29. Ka1 Nc4 30. hxg6 Nxb2 31. gxh7+ Kxh7 32. Nf4 Be4 33. g6+
Kg8 34. g7 Na4 0-1

[Event "Championnat de France des Jeunes - Minim"]
[Site "LA ROCHE SUR YON"]
[Date "????.??.??"]
[Round "1.5"]
[White "Buscara, Sevan"]
[Black "Nockels, Thomas"]
[Result "1-0"]
[WhiteElo "2146"]
[BlackElo "1885"]
[PlyCount "47"]

1. d4 Nf6 2. Nf3 g6 3. Bf4 d5 4. e3 Bg7 5. Be2 O-O 6. O-O Bf5 7. c4 c5 8. Nc3
cxd4 9. Nxd4 Be6 10. Bf3 Nc6 11. Nxe6 fxe6 12. cxd5 Na5 13. dxe6 Qb6 14. Qa4
Rac8 15. Qb5 Ne8 16. Qxb6 axb6 17. Nd5 Nc6 18. Nxb6 Rd8 19. Nd7 Rf5 20. Rad1
Ra8 21. Nb6 Rxa2 22. Bxc6 bxc6 23. Rd8 Rf8 24. Nd7 1-0

[Event "Championnat de France des Jeunes - Minimettes"]
[Site "LA ROCHE SUR YON"]
[Date ""]
[Round "1.1"]
[White "Cappelletti, Emmanuelle"]
[Black "Forgues, Valerie"]
[Result "0-1"]
[WhiteElo "1680"]
[BlackElo "1970"]
[Annotator ""]

1. e4 e5 2. Nf3 Nc6 3. Bc4 Bc5 4. c3 Nf6 5. d3 d6 6. Bg5 h6 7. Bh4 Bg4
8. Nbd2 Qe7 9. h3 Be6 10. Qc2 g5 11. Bg3 Nh5 12. Bh2 O-O-O 13. b4 Bb6
14. a4 a5 15. bxa5 Nxa5 16. Bb3 f6 17. O-O Rhg8 18. Rfe1 g4 19. Bxe6+
Qxe6 20. hxg4 Qxg4 21. Kf1 Qxg2+ 22. Ke2 Bxf2 0-1

[Event "Championnat de France des Jeunes - Minim"]
[Site "LA ROCHE SUR YON"]
[Date "????.??.??"]
[Round "1.2"]
[White "Lefevre, Margaux"]
[Black "Goubert, Caroline"]
[Result "1-0"]
[WhiteElo "1968"]
[BlackElo "1680"]
[PlyCount "53"]

1. e4 e5 2. Nf3 Nc6 3. d4 exd4 4. Nxd4 Nxd4 5. Qxd4 d6 6. Bc4 Be7 7. Qxg7 Be6
8. Bxe6 fxe6 9. Qxh8 Kd7 10. Nc3 a6 11. Bd2 Qf8 12. Qxh7 Rd8 13. Qh3 c6 14.
O-O-O Qf7 15. Na4 Kc8 16. Ba5 Re8 17. Nb6+ Kb8 18. Qg3 Qf8 19. Nd7+ Kc8 20.
Nxf8 Rxf8 21. Qg7 c5 22. Rd2 c4 23. Rhd1 Re8 24. Rxd6 Bxd6 25. Rxd6 Ne7 26.
Qxe7 Rxe7 27. Rd8# 1-0

[Event "Championnat de France des Jeunes - Minim"]
[Site "LA ROCHE SUR YON"]
[Date "????.??.??"]
[Round "1.3"]
[White "Abidi, Ines"]
[Black "Jeannerot, Lea"]
[Result "0-1"]
[WhiteElo "1670"]
[BlackElo "1946"]
[PlyCount "52"]

1. d4 d5 2. Nf3 Nf6 3. Bf4 e6 4. e3 Nbd7 5. Bd3 Be7 6. Nbd2 O-O 7. h3 c5 8. c3
b6 9. O-O Bb7 10. a4 Re8 11. a5 c4 12. Bb1 b5 13. Qc2 a6 14. Ne5 g6 15. Ndf3
Ne4 16. Nxd7 Qxd7 17. Ne5 Qd8 18. f3 Nf6 19. Bg5 Qc7 20. Bf4 Bd6 21. Qf2 Kg7
22. Qh4 Nh5 23. g4 Nxf4 24. exf4 f6 25. Nxg6 hxg6 26. f5 Bg3 0-1

[Event "Championnat de France des Jeunes - Minim"]
[Site "LA ROCHE SUR YON"]
[Date "????.??.??"]
[Round "1.4"]
[White "Dourerassou, Cynthia"]
[Black "Perrier, Lea"]
[Result "1-0"]
[WhiteElo "1909"]
[BlackElo "1647"]
[PlyCount "55"]

1. e4 d5 2. exd5 Qxd5 3. Nc3 Qd6 4. d4 Nf6 5. Nf3 a6 6. Bg5 Bg4 7. Bc4 Nc6 8.
Qd2 Bxf3 9. gxf3 Qxd4 10. Qxd4 Nxd4 11. O-O-O Nc6 12. f4 Na5 13. Be2 Rd8 14.
Bf3 Rxd1+ 15. Rxd1 Nc6 16. f5 g6 17. fxg6 hxg6 18. Bxf6 exf6 19. Nd5 Rxh2 20.
Nxf6+ Ke7 21. Nd5+ Kd6 22. Ne3+ Ke7 23. Ng4 Rh3 24. Bg2 Rh8 25. c4 f5 26. Bxc6
bxc6 27. Ne5 Bg7 28. Nxg6+ 1-0